000 00549pam a2200181 a 4500
020 _a007049763X :
082 0 0 _a624
_bPEU
_cL-26, P-64
100 1 _aPeurifoy, R. L.
_918437
245 1 0 _aConstruction planning, equipment, and methods /
_cR.L. Peurifoy, W.B. Ledbetter.
250 _a4th ed.
260 _aNew York :
_bMcGraw-Hill,
_cc1985.
300 _axvi, 683 p. :
_bill. ;
_c25 cm.
526 _a0
_b0
_c0
_d624_000000000000000_PEU
650 0 _aBuilding.
650 0 _aMCE
_9379
700 1 _aLedbetter, William Burl.
_938615
942 _2ddc
_cBK
999 _c546185
_d546185